Eastern Utah Libraries Catalog: Duchesne, Heber, Roosevelt, & Vernal

A smart, smart school / (Record no. 386543)

MARC details
000 -LEADER
fixed length control field 01938cam a2200385Ii 4500
001 - CONTROL NUMBER
control field on1345219037
003 - CONTROL NUMBER IDENTIFIER
control field OCoLC
005 - DATE AND TIME OF LATEST TRANSACTION
control field 20230731152814.0
008 - FIXED-LENGTH DATA ELEMENTS--GENERAL INFORMATION
fixed length control field 220921t20232023nyua b 000 1 eng d
010 ## - LIBRARY OF CONGRESS CONTROL NUMBER
LC control number 2022935787
020 ## - INTERNATIONAL STANDARD BOOK NUMBER
International Standard Book Number 9780063059610
Qualifying information (hardcover) :
Terms of availability $19.99
020 ## - INTERNATIONAL STANDARD BOOK NUMBER
International Standard Book Number 0063059614
Qualifying information (hardcover)
035 ## - SYSTEM CONTROL NUMBER
System control number (OCoLC)1345219037
040 ## - CATALOGING SOURCE
Original cataloging agency YDX
Language of cataloging eng
Description conventions rda
Transcribing agency YDX
Modifying agency BDX
-- ETC
-- OCLCF
-- TOH
-- JBI
-- JCX
-- JAS
-- JQW
-- UPB
092 ## - LOCALLY ASSIGNED DEWEY CALL NUMBER (OCLC)
Classification number children picture book
Item number Creech
100 1# - MAIN ENTRY--PERSONAL NAME
Personal name Creech, Sharon,
Relator term author.
9 (RLIN) 39880
245 12 - TITLE STATEMENT
Title A smart, smart school /
Statement of responsibility, etc by Sharon Creech ; pictures by Anait Semirdzhyan.
250 ## - EDITION STATEMENT
Edition statement First edition.
264 #1 - Production, Publication, Distribution, Manufacture, and Copyright Notice.
Place of production, publication, distribution, manufacture New York, NY :
Name of producer, publisher, distributor, manufacturer Harper, an imprint of HarperCollinsPublishers,
Date of production, publication, distribution, manufacture, or copyr [2023]
264 #4 - Production, Publication, Distribution, Manufacture, and Copyright Notice.
Date of production, publication, distribution, manufacture, or copyr ©2023
300 ## - PHYSICAL DESCRIPTION
Extent 32 unnumbered pages :
Other physical details color illustrations ;
Dimensions 29 cm
336 ## - Content Type
Content type term text
336 ## - Content Type
Content type term still image
337 ## - Media type
Media type term unmediated
338 ## - Carrier type
Carrier type term volume
520 ## - SUMMARY, ETC.
Summary, etc "Mr. Keene loved being the principal of his fine, fine school. He was so proud of his students drawing and painting and reading and singing that he thought his buttons would burst! Then one day his appendix burst, and a new principal, Mr. Tatters, swooped in to take his place. Mr. Tatters said, 'In order to be a smart, smart school, we will have lots and lots of tests.' And suddenly there were no more cards and banners, posters and songs. Instead, they took tests all week long! Will Mr. Keene return to save his smart, smart school and make it shine again?"--
521 1# - TARGET AUDIENCE NOTE
Target audience note "Ages 4-8"--Jacket.
583 ## - ACTION NOTE
Action Jcat
Time/date of action 20230720
Action agent pjr
Institution to which field applies UPB
650 #0 - SUBJECT ADDED ENTRY--TOPICAL TERM
Topical term or geographic name as entry element Schools
Form subdivision Juvenile fiction.
650 #0 - SUBJECT ADDED ENTRY--TOPICAL TERM
Topical term or geographic name as entry element School principals
Form subdivision Juvenile fiction.
9 (RLIN) 5691541
650 #0 - SUBJECT ADDED ENTRY--TOPICAL TERM
Topical term or geographic name as entry element Appendicitis
Form subdivision Juvenile fiction.
9 (RLIN) 6471260
700 1# - ADDED ENTRY--PERSONAL NAME
Personal name Semirdzhyan, Anait,
Relator term illustrator.
9 (RLIN) 6471261
710 2# - ADDED ENTRY--CORPORATE NAME
Corporate name or jurisdiction name as entry element HarperCollins (Firm),
Relator term publisher.
9 (RLIN) 35116
942 ## - ADDED ENTRY ELEMENTS (KOHA)
Source of classification or shelving scheme Dewey Decimal Classification
Koha item type BOOK
Holdings
Withdrawn status Lost status Source of classification or shelving scheme Damaged status Not for loan Collection code Home library Current library Shelving location Date acquired Source of acquisition Total Checkouts Full call number Barcode Date last seen Date checked out Cost, replacement price Price effective from Koha item type Total Renewals
    Dewey Decimal Classification     Children Picture Books Wasatch County Library Wasatch County Library Main Floor Childrens Area 07/31/2023 Amazon 2 E Creech 34301002035196 01/24/2025 08/23/2024 19.99 07/31/2023 BOOK  
    Dewey Decimal Classification     Children Picture Books Wasatch County Library Wasatch County Library Main Floor Childrens Area 09/12/2024 Penworthy 2 E Creech 34301002130526 02/25/2025 02/18/2025 19.99 09/12/2024 BOOK 2
This project was made possible through a grant from the Institute of Museum and Library Service administered by the Utah State Library Division.

Wasatch County Library

  • 465 East 1200 South, Heber City, Utah 84032
  • Phone 435-654-1511 | Fax 435-654-6456

Hours

  • Monday - Friday 9:30 AM - 8:00 PM
  • Saturday 9:30 AM - 1:30 PM
  • Closed Sundays and Holidays